00321pab a2200121 454500008004000000100002300040245006800063260000900131300001200140362001100152650001600163773002000179180718b1997 xxu||||| |||| 00| 0 eng d aAlagh, Yoginder K. aBiotechnology and sustainable agricultural growth in Ninth Plan c1997 ap.11-17 a31 Mar aAgriculture aUniversity News